El sistema de huida de la cucaracha /
Guardado en:
| Autor Principal: | |
|---|---|
| Formato: | Libro |
| Publicado: |
Buenos Aires :
Colihue,
1993
|
| Series: | La movida
|
| Materias: | |
| Etiquetas: |
Agregar Etiqueta
Sin Etiquetas, Sea el primero en etiquetar este registro!
|
| LEADER | 00614nam a22002175a 4500 | ||
|---|---|---|---|
| 001 | CEM.cems007683 | ||
| 005 | 20100517113953.0 | ||
| 008 | 130507s1993##################000#0#####d | ||
| 003 | CEMS | ||
| 020 | |a 9505812124 | ||
| 082 | 0 | 4 | |a A863.4 |
| 100 | 1 | |a Carranza, Gonzalo | |
| 245 | 1 | 0 | |a El sistema de huida de la cucaracha / |c Gonzalo Carranza |
| 260 | |a Buenos Aires : |b Colihue, |c 1993 | ||
| 300 | |a 71 p. | ||
| 490 | 0 | |a La movida | |
| 653 | |a Literatura | ||
| 653 | |a Literatura juvenil | ||
| 653 | |a Novela argentina-siglo 20 | ||
| 653 | |a Novela juvenil | ||
| 859 | |a CEMS |b BIB. CEMS - 11 de abril |h A863.4 |i C231 |p 17989.94 |t Ej.1 | ||
